LEADER 00814cam0 22002773 450 001 SON0007350 005 20210413072605.0 100 $a20031010d1975 |||||ita|0103 ba 101 $aita 102 $aIT 200 1 $aA caso$fTommaso Landolfi 205 $a3 edizione 210 $aMilano$cRizzoli Editore$d1975 215 $a203p.$d22cm 225 2 $ascala 410 1$1001LAEC00019171$12001 $aLa *scala 700 1$aLandolfi$b, Tommaso$3AF00004770$4070$0158152 801 0$aIT$bUNISOB$c20210413$gRICA 850 $aUNISOB 852 $aUNISOB$j853$m17647 912 $aSON0007350 940 $aM 102 Monografia moderna SBN 941 $aM 957 $a853$b000193$gSI$d17647$rACQUISTO$1Spinosa$2UNISOB$3UNISOB$420200129115246.0$520200129115255.0$6Spinosa 996 $aA caso$9142325 997 $aUNISOB LEADER 01129nam a22002653i 4500 001 991001084159707536 005 20040303091209.0 008 040318s1984 it |||||||||||||||||ita 035 $ab12715591-39ule_inst 035 $aARCHE-069985$9ExL 040 $aDip.to Filosofia$bita$cA.t.i. Arché s.c.r.l. Pandora Sicilia s.r.l. 082 04$a323.1 100 1 $aFirst, Ruth$0130404 245 10$aRuth First :$balle radici dell'apartheid : antologia sulla storia, la forza lavoro migrante, le economie contadine in Africa australe /$ca cura di Anna Maria Gentili ; introduzione di F. Rigaux 260 $aMilano :$bAngeli,$cc1984 300 $a222 p. ;$c22 cm 440 0$aFondazione internazionale Lelio Basso per il diritto e la liberazione dei popoli ;$v2 650 4$aRazzismo$zSud Africa 700 1 $aGentili, Anna Maria 907 $a.b12715591$b02-04-14$c31-03-04 912 $a991001084159707536 945 $aLE005 MF 8 A 18$g1$iLE005MF-14212$lle005$o-$pE0.00$q-$rl$s- $t0$u0$v0$w0$x0$y.i13239636$z31-03-04 996 $aRuth First$9270124 997 $aUNISALENTO 998 $ale005$b31-03-04$cm$da $e-$fita$git $h0$i1